| 000 | 01319nam a22003374a 4500 | ||
|---|---|---|---|
| 001 | ebr10229752 | ||
| 003 | CaPaEBR | ||
| 006 | m u | ||
| 007 | cr cn||||||||| | ||
| 008 | 030418s2006 vauab s 000 0beng | ||
| 010 | _z 2003009230 | ||
| 020 | _z0971828687 (pbk.) | ||
| 020 | _z9780971828681 (pbk.) | ||
| 040 |
_aCaPaEBR _cCaPaEBR |
||
| 035 | _a(OCoLC)503446799 | ||
| 043 | _ae-fr--- | ||
| 050 | 1 | 4 |
_aDC123.9.R5 _bB4 2006eb |
| 082 | 0 | 4 |
_a944/.032/092 _aB _221 |
| 100 | 1 |
_aBelloc, Hilaire, _d1870-1953. |
|
| 245 | 1 | 0 |
_aRichelieu _h[electronic resource] / _cby Hilaire Belloc ; with a preface by Michael Crowdy. |
| 260 |
_aNorfolk, Va. : _bGates of Vienna Books, _c2006. |
||
| 300 |
_a270 p. : _bill., maps. |
||
| 533 |
_aElectronic reproduction. _bPalo Alto, Calif. : _cebrary, _d2013. _nAvailable via World Wide Web. _nAccess may be limited to ebrary affiliated libraries. |
||
| 600 | 1 | 0 |
_aRichelieu, Armand Jean du Plessis, _cduc de, _d1585-1642. |
| 650 | 0 |
_aStatesmen _zFrance _vBiography. |
|
| 650 | 0 |
_aCardinals _zFrance _vBiography. |
|
| 651 | 0 |
_aFrance _xHistory _yLouis XIII, 1610-1643. |
|
| 655 | 7 |
_aElectronic books. _2local |
|
| 710 | 2 | _aebrary, Inc. | |
| 856 | 4 | 0 |
_uhttp://site.ebrary.com/lib/rucke/Doc?id=10229752 _zAn electronic book accessible through the World Wide Web; click to view |
| 999 |
_c153278 _d153278 |
||